| 000 | 00575nam a2200157Ia 4500 | ||
|---|---|---|---|
| 005 | 20241219114819.0 | ||
| 008 | 231217s9999 xx 000 0 und d | ||
| 020 | _a9780070472686 | ||
| 082 | _a001.642 SIN;12 | ||
| 100 | _aSinghal, Mukesh. Shivaratri, Niranjan G. Liu, C L. ed | ||
| 245 | 0 | _aAdvanced concepts in operating systems : distributed database and multiprocessor operating systems | |
| 260 |
_c1994 _bTMH _aNew Delhi |
||
| 300 | _axxii+522 | ||
| 650 | _aAdvanced,concepts,operating,systems:,Distributed,,database,multiprocessor,operating,systems | ||
| 942 | _cAA | ||
| 999 |
_c171008 _d171008 |
||